| 000 | 00913cam a2200301 i 4500 | ||
|---|---|---|---|
| 001 | 200462419 | ||
| 003 | TR-AnTOB | ||
| 005 | 20240909104741.0 | ||
| 007 | ta | ||
| 008 | 220406s2022 tu ad 000 0 tur d | ||
| 020 | _a9789757820550 | ||
| 040 |
_aT9K _beng _erda _cT9K _dTR-AnTOB |
||
| 041 | 0 | _atur | |
| 050 | 1 | 4 |
_aHD6476 _b.Y55359 2022 |
| 090 |
_aHD6476 _b.Y55359 2022 |
||
| 100 | 1 |
_aYıldız, Osman _978589 _eauthor |
|
| 245 | 1 | 0 |
_aUluslararası sendikal hareket ve kuruluşlar / _cDr. Osman Yıldız. |
| 264 | 1 |
_aAnkara : _bHak İş Konfederasyonu, _c2022. |
|
| 300 |
_a192 pages : _billustrations, tables ; _c24 cm |
||
| 336 |
_atext _btxt _2rdacontent |
||
| 337 |
_aunmediated _bn _2rdamedia |
||
| 338 |
_avolume _bnc _2rdacarrier |
||
| 504 | _aBIB | ||
| 650 | 7 |
_aİşçi sendikaları _961827 _2etuturkob |
|
| 650 | 7 |
_aSendikacılık _9126870 _2etuturkob |
|
| 942 |
_2lcc _cBK |
||
| 999 |
_c200462419 _d80631 |
||